• 首页
  • 本馆介绍
  • 公告通知
  • 最新文献
  • 馆藏检索
  • 电子资源
  • 读者导购
  • 参考咨询
  • 我的图书馆
  • 登录
  • 详细信息显示
  • 放入我的书架
  • 预约/预借图书
  • 作者相关作品
  • 分类相关作品
  • 丛书相关作品
  • 出版社相关作品

书目信息

  • 表格格式
  • 工作单格式
  • 卡片格式
题名:
中国小说史略
    
 
作者: 鲁迅 著
分册:  
出版信息: 北京   民主与建设出版社  2016
页数: 239页
开本: 21cm
丛书名:
单 册:
中图分类: I210.91
科图分类:
主题词: 鲁迅著作--lu xun zhu zuo--小说史--中国
电子资源:
ISBN: 978-7-5139-1338-6
000 00731nam0 22002291 450
001 0124140320
005 20170324140320.0
010    @a978-7-5139-1338-6@b精装@dCNY32.80
100    @a20161221d2016 em y0chiy50 ea
101 0  @achi
102    @aCN@b110000
105    @ay z 000yy
106    @ar
200 1  @a中国小说史略@9zhong guo xiao shuo shi lue@f鲁迅著
210    @a北京@c民主与建设出版社@d2016
215    @a239页@d21cm
330    @a本书共有二十八篇,叙述中国古代小说发生、发展、演变过程,始于神话与传说,迄于清末谴责小说。
606 0  @a鲁迅著作@9lu xun zhu zuo@x小说史@y中国
690    @aI210.91@v5
701  0 @a鲁迅@9lu xun@f(1881~1936)@4著
801  0 @aCN@bTANGWEI@c20170308
905    @b0963191-4@dI210.91@e303@f4
    
    中国小说史略/鲁迅著.-北京:民主与建设出版社,2016
    239页;21cm
    
    
    ISBN 978-7-5139-1338-6(精装):CNY32.80
    本书共有二十八篇,叙述中国古代小说发生、发展、演变过程,始于神话与传说,迄于清末谴责小说。
●
相关链接 在E读中查询图书 在五车中查询图书 在当当中查询图书 在豆瓣中查询图书


正题名:中国小说史略     索取号:I210.91/303         预约/预借

序号 登录号 条形码 馆藏地/架位号 状态 备注
1 0963191   209631914   第一样本阅览室/ [索取号:I210.91/303] 在馆    
2 0963192   209631923   第二借阅区/ [索取号:I210.91/303] 在馆    
3 0963193   209631932   第二借阅区/ [索取号:I210.91/303] 在馆    
4 0963194   209631941   第二借阅区/ [索取号:I210.91/303] 在馆    
唐山师范学院图书馆 欢迎您!
大连网信软件有限公司© 版权所有